| 000 | 00434nam a22001817a 4500 | ||
|---|---|---|---|
| 999 |
_c6334 _d6332 |
||
| 005 | 20210825154541.0 | ||
| 008 | 200520b xxu||||| |||| 00| 0 eng d | ||
| 020 | _a9788174733924 | ||
| 041 | _aeng | ||
| 082 | _a616 RAD | ||
| 100 |
_aRaddy, Dr. K Rajeshwer _95619 |
||
| 245 | _aTextbook of Immunology | ||
| 250 | _a3'rd | ||
| 260 |
_aDelhi _bAITBS PUBLISHERS _c2019 |
||
| 300 | _a290 XIV | ||
| 650 |
_aPharmacy _96645 |
||
| 942 | _cBK | ||